| 000 | 00513nam a2200205Ia 4500 | ||
|---|---|---|---|
| 003 | LK-CoDNM | ||
| 005 | 20240806125056.0 | ||
| 008 | 010623t1934 xxu||||| |||| 00| 1 eng d | ||
| 040 |
_aLK-CoDNM _dLK-CoDNM _eLK-CoDNM |
||
| 041 | _aeng | ||
| 080 |
_a16 _bL25 |
||
| 100 | _aWaddell,L.Austine. | ||
| 245 | _aThe Buddhism of Tibet or Lamaism | ||
| 260 |
_bW.Heffer Sons.Ltd _aCambridge _c1934 |
||
| 300 | _bxlviii, 598p. ; 22 cm | ||
| 650 | _aCharm | ||
| 650 | _aHoroscope | ||
| 650 | _aLaymen | ||
| 942 | _cBK | ||
| 999 |
_c97107 _d97107 |
||